Países más cercanos a Cuba - un minuto de sprint - Estadísticas

Estadísticas generales
  • Esta prueba ha sido intentada 58 veces
  • La puntuación promedio es 13 de 20
Estadísticas de respuestas
km país % Correcto
149 Estados Unidos
98%
255 República Dominicana
96%
85 Haití
94%
197 México
94%
509 Belice
85%
146 Jamaica
85%
89 Bahamas
83%
1151 Panamá
83%
630 Guatemala
81%
642 Honduras
79%
716 Nicaragua
79%
1168 Costa Rica
75%
940 El Salvador
73%
891 Colombia
60%
968 Venezuela
60%
1179 Francia
en San Martín
19%
1181 Países Bajos
en Saba
17%
943 Aruba
15%
1014 Curaçao
8%
1181 Sint Maarten
0%
No se encontraron pruebas coincidentes
Distribución de puntuación
Porcentaje de gente con cada puntuación
Porcentaje por número respondido
Historial de tus puntuaciones
No has intentado esta prueba.